01936nam a2200361Ia 450000500170000000800410001702000150005804000180007304100080009108200230009910000280012224500660015025000120021626000430022830000270027165000490029865000420034765000360038965000360042565000360046165000410049765000420053870000290058094200320060999900190064195201270066095201270078795201320091495201320104695201320117895201320131095201320144220250203095610.0210716s1989 xx 000 0 und d a8170290902 cAIMIT LIBRARY aeng a005.7401 21bPERJ aPerry, James T .942639 aUnderstanding oracle /cBy James T Perry and Joseph G Lateer. a1st ed. aNew Delhi :bBPB Publications ,c1989. axxx, 634p.;cPBb22cm. aOracle: the right tools for many jobs942640 aInstalling professional oracle942641 aDefining and using views942642 aOperators and functions9197068 aUnderstanding sql forms9197069 aMintaining database security9197070 aOptimizing system performance9197071 aLateer, Joseph G.942643 2ddccBKe1stk005.7401 PERJ c181483d181483 001040708MCAaAIMITbAIMITd2021-07-16g180.00l0o005.7401 PERJpMCA00991r2025-07-21 00:00:00v180.00w2021-07-16yBK 001040708MCAaAIMITbAIMITd2021-07-16g180.00l0o005.7401 PERJpMCA01592r2025-07-21 00:00:00v180.00w2021-07-16yBK 00102ddc40708MCAaAIMITbAIMITd2021-07-16g180.00l0o005.7401 PERJpMCA01649r2025-07-21 00:00:00v180.00w2021-07-16yBK 00102ddc40708MCAaAIMITbAIMITd2021-07-16g180.00l0o005.7401 PERJpMCA01650r2025-07-21 00:00:00v180.00w2021-07-16yBK 00102ddc40708MCAaAIMITbAIMITd2021-07-16g180.00l0o005.7401 PERJpMCA01651r2025-07-21 00:00:00v180.00w2021-07-16yBK 00102ddc40708MCAaAIMITbAIMITd2021-07-16g180.00l0o005.7401 PERJpMCA01652r2025-07-21 00:00:00v180.00w2021-07-16yBK 00102ddc40708MCAaAIMITbAIMITd2022-06-15g180.00l0o005.7401 PERJpMCA01653r2025-07-21 00:00:00v180.00w2022-06-15yBK